[Event "Djenovici TS05 FM"]
[Site "Djenovici"]
[Date "2018.05.24"]
[Round "7"]
[White "Kane, Robert"]
[Black "Tomic, Danilo"]
[Result "1-0"]
[WhiteElo "1875"]
[BlackElo "1567"]
[PlyCount "45"]
[EventDate "2018.05.19"]
[EventType "tourn"]
[EventRounds "10"]
[EventCountry "MNE"]
[SourceTitle "CBM 184 Extra"]
[Source "ChessBase"]
[SourceDate "2018.06.28"]
[SourceVersion "1"]
[SourceVersionDate "2018.06.28"]
[SourceQuality "1"]

1. d4 Nf6 2. Nf3 e6 3. Bf4 d5 4. e3 Be7 5. Bd3 Nbd7 6. Nbd2 c5 7. c3 b6 8. Ne5 Bb7 9. 0-0 0-0 10. Qf3 Rc8 11. Qh3 g6 12. Bh6 Re8 13. f4 c4 14. Bc2 Bf8 15. Bg5 Bg7 16. Ba4 Rc7 17. Qh4 a6 18. Bxd7 Rxd7 19. Nxd7 Qxd7 20. Bxf6 Qb5 21. Bxg7 Kxg7 22. Rfb1 f6 23. Nf3 1-0

[Event "Djenovici TS02 FM"]
[Site "Djenovici"]
[Date "2018.02.19"]
[Round "3"]
[White "Kumar, Naman"]
[Black "Tomic, Danilo"]
[Result "1-0"]
[WhiteElo "2004"]
[BlackElo "1653"]
[PlyCount "55"]
[EventDate "2018.02.17"]
[EventType "tourn"]
[EventRounds "14"]
[EventCountry "MNE"]
[SourceTitle "CBM 183 Extra"]
[Source "ChessBase"]
[SourceDate "2018.04.19"]
[SourceVersion "1"]
[SourceVersionDate "2018.04.19"]
[SourceQuality "1"]

1. e4 d5 2. exd5 Qxd5 3. Nc3 Qd8 4. Bc4 Nf6 5. Nf3 Bg4 6. Bxf7+ Kxf7 7. Ne5+ Ke8 8. Nxg4 Nc6 9. 0-0 Qd7 10. Nxf6+ gxf6 11. Qh5+ Kd8 12. Ne4 Nd4 13. c3 Ne6 14. d4 Ng7 15. Qf3 Qf5 16. Bf4 Qg6 17. Nc5 c6 18. Nxb7+ Ke8 19. Qxc6+ Kf7 20. Nd6+ exd6 21. Qxa8 Nh5 22. Qb7+ Kg8 23. Qd5+ Kg7 24. Bg3 Rg8 25. Rae1 Kh8 26. Qe4 Nxg3 27. Qxg6 Rxg6 28. fxg3 1-0

[Event "Djenovici TS12-B"]
[Site "Djenovici"]
[Date "2017.12.24"]
[Round "9"]
[White "Bubanja, Milos"]
[Black "Tomic, Danilo"]
[Result "1-0"]
[WhiteElo "1744"]
[BlackElo "1804"]
[PlyCount "91"]
[EventDate "2017.12.16"]
[EventType "tourn"]
[EventRounds "10"]
[EventCountry "MNE"]
[SourceTitle "CBM 182 Extra"]
[Source "ChessBase"]
[SourceDate "2018.02.23"]
[SourceVersion "1"]
[SourceVersionDate "2018.02.23"]
[SourceQuality "1"]

1. d4 Nf6 2. Bg5 e6 3. e4 d6 4. Bd3 e5 5. dxe5 dxe5 6. Nf3 Nbd7 7. Nc3 c6 8. 0-0 Be7 9. Bxf6 Bxf6 10. Bc4 0-0 11. Qe2 Qc7 12. Bb3 Nc5 13. h3 Nxb3 14. axb3 Be6 15. Nd1 b5 16. Ne3 a5 17. Rfd1 Rfd8 18. Rxd8+ Rxd8 19. Rd1 Rxd1+ 20. Qxd1 h6 21. c4 Qb6 22. Qc2 Qc5 23. Qc3 bxc4 24. Nxc4 Bxc4 25. bxc4 a4 26. Kf1 Kf8 27. Ke2 Ke7 28. Ne1 Qb6 29. Nd3 Ke6 30. c5 Qb5 31. Qb4 Be7 32. Qxb5 cxb5 33. Kd2 b4 34. f3 a3 35. bxa3 bxa3 36. Kc2 f6 37. Kb3 a2 38. Kxa2 Kd7 39. Kb3 Kc7 40. Kc4 g6 41. Nb4 Bd8 42. Kd5 Kd7 43. c6+ Kc8 44. Kd6 Bc7+ 45. Ke6 Bd8 46. Nd5 1-0

[Event "Djenovici TS12-B"]
[Site "Djenovici"]
[Date "2017.12.22"]
[Round "7"]
[White "Yildirim, Ibrahim Halil"]
[Black "Tomic, Danilo"]
[Result "1-0"]
[WhiteElo "1708"]
[BlackElo "1804"]
[PlyCount "70"]
[EventDate "2017.12.16"]
[EventType "tourn"]
[EventRounds "10"]
[EventCountry "MNE"]
[SourceTitle "CBM 182 Extra"]
[Source "ChessBase"]
[SourceDate "2018.02.23"]
[SourceVersion "1"]
[SourceVersionDate "2018.02.23"]
[SourceQuality "1"]

1. e4 d5 2. exd5 Qxd5 3. Nc3 Qd8 4. d4 Nf6 5. Nf3 g6 6. Be2 Bg7 7. Be3 0-0 8. Qd2 Bf5 9. h3 Ne4 10. Nxe4 Bxe4 11. 0-0-0 Nd7 12. Bh6 c6 13. Qe3 Nf6 14. Bxg7 Kxg7 15. g4 Bd5 16. g5 Ne4 17. c4 Qa5 18. Kb1 Be6 19. Bd3 Nd6 20. d5 cxd5 21. Qe5+ Kg8 22. Nd4 Bd7 23. Qxe7 Qc7 24. cxd5 Rfe8 25. Qf6 Ne4 26. Bxe4 Rxe4 27. f3 Rf4 28. d6 Rxf6 29. dxc7 Rd6 30. Nb5 Rxd1+ 31. Rxd1 Kf8 32. Rxd7 Ke8 33. Rd1 a6 34. Nd6+ Ke7 35. c8Q Rxc8 1-0

[Event "Djenovici TS12-B"]
[Site "Djenovici"]
[Date "2017.12.18"]
[Round "4"]
[White "Tomic, Danilo"]
[Black "Bubanja, Milos"]
[Result "1/2-1/2"]
[WhiteElo "1804"]
[BlackElo "1744"]
[PlyCount "127"]
[EventDate "2017.12.16"]
[EventType "tourn"]
[EventRounds "10"]
[EventCountry "MNE"]
[SourceTitle "CBM 182 Extra"]
[Source "ChessBase"]
[SourceDate "2018.02.23"]
[SourceVersion "1"]
[SourceVersionDate "2018.02.23"]
[SourceQuality "1"]

1. e4 c5 2. Nf3 Nc6 3. d4 cxd4 4. Nxd4 g6 5. Nc3 Bg7 6. Be3 Nf6 7. Nxc6 bxc6 8. Bd3 0-0 9. 0-0 d5 10. exd5 cxd5 11. Bd4 Ne8 12. Bxg7 Nxg7 13. Qf3 e6 14. Qe2 Rb8 15. Rab1 Bb7 16. Ba6 Ba8 17. Rfd1 Nf5 18. Bc4 Qg5 19. Bd3 Nd6 20. Qd2 Qxd2 21. Rxd2 e5 22. h3 d4 23. Ne2 f5 24. c3 e4 25. Bc2 d3 26. Bb3+ Kg7 27. Nd4 Rfc8 28. Ne6+ Kf6 29. Nf4 a5 30. Nd5+ Bxd5 31. Bxd5 Rxc3 32. Bb3 Rc5 33. g3 Nb5 34. f3 Nd4 35. Bd1 Re8 36. fxe4 fxe4 37. Rf2+ Ke5 38. Ba4 Rec8 39. Rf7 Rc1+ 40. Rxc1 Rxc1+ 41. Kf2 Nf5 42. g4 e3+ 43. Kf3 Rf1+ 44. Kg2 Rf2+ 45. Kg1 Nd4 46. Rxf2 exf2+ 47. Kxf2 Kf4 48. Bd1 g5 49. a3 Ke4 50. b4 axb4 51. axb4 Kd5 52. Ke3 Kc4 53. Kd2 Ne6 54. b5 Nc5 55. b6 Kb5 56. b7 Nxb7 57. Kxd3 Kc5 58. Ke4 Nd6+ 59. Ke5 h6 60. Kf6 Ne4+ 61. Kg6 Nf2 62. Kxh6 Nxh3 63. Bf3 Kd4 64. Bg2 1/2-1/2